Mechanics of materials (Record no. 3297)

000 -LEADER
fixed length control field 00538nam a2200217 i 4500
001 - CONTROL NUMBER
control field 3297
003 - CONTROL NUMBER IDENTIFIER
control field BD-DhUET
008 - FIXED-LENGTH DATA ELEMENTS--GENERAL INFORMATION
fixed length control field 800828s1981 nyua 001 0 eng
020 ## - INTERNATIONAL STANDARD BOOK NUMBER
International Standard Book Number 0070661782
020 ## - INTERNATIONAL STANDARD BOOK NUMBER
International Standard Book Number 0070042845
040 ## - CATALOGING SOURCE
Original cataloging agency DLC
Transcribing agency DLC
Modifying agency BD-DhUET
082 00 - DEWEY DECIMAL CLASSIFICATION NUMBER
Classification number 620.11
Item number BEE/1981
100 ## - MAIN ENTRY--PERSONAL NAME
Personal name Beer, Ferdinand P.
245 10 - TITLE STATEMENT
Title Mechanics of materials
250 ## - EDITION STATEMENT
Edition statement 1st ed.
260 ## - PUBLICATION, DISTRIBUTION, ETC. (IMPRINT)
Place of publication, distribution, etc. Auckland
Name of publisher, distributor, etc. McGraw-Hill
Date of publication, distribution, etc. 1981
300 ## - PHYSICAL DESCRIPTION
Extent xv, 616 p.
Other physical details il
650 #0 - SUBJECT ADDED ENTRY--TOPICAL TERM
Topical term or geographic name as entry element Strength of materials
700 1# - ADDED ENTRY--PERSONAL NAME
Personal name Johnston, E. Russell
942 ## - ADDED ENTRY ELEMENTS (KOHA)
Koha item type General Book
Holdings
Shelving location Copy number Koha renewals Koha date last borrowed Koha normalized classification for sorting Koha item type Koha issues (times borrowed) Koha date last seen Piece designation (barcode) Damaged status Sublocation or collection (holding branch) Date acquired Price effective from Source of classification or shelving scheme Not for loan Withdrawn status Koha full call number Lost status Location (home branch)
Circulation section1 2025-04-29620_110000000000000_BEE_1981General Book32025-05-1359574 Central Library, BUET2014-10-252014-10-25   620.11/BEE/1981 Central Library, BUET
Circulation section2 2021-12-12620_110000000000000_BEE_1981General Book52025-04-2286676 Central Library, BUET2015-01-192015-01-19   620.11/BEE/1981 Central Library, BUET
Circulation section3 2018-05-13620_110000000000000_BEE_1981General Book12018-05-1959568 Central Library, BUET2015-04-192015-04-19   620.11/BEE/1981 Central Library, BUET
Circulation section5  620_110000000000000_BEE_1981General Book 2015-04-1959565 Central Library, BUET2015-04-192015-04-19   620.11/BEE/1981 Central Library, BUET
Reading section6  620_110000000000000_BEE_1981General Book 2015-06-1684611 Central Library, BUET2015-06-162015-06-16   620.11/BEE/1981 Central Library, BUET
Reading section7  620_110000000000000_BEE_1981Rental Item 2015-07-0659560 Central Library, BUET2015-07-062015-07-06   620.11 BEE/1981 Central Library, BUET